Statistics for Countries Closest to Sudan - One Minute Sprint

Click here to take the quiz!

General Stats

  • This quiz has been taken 30 times
  • The average score is 17 of 20

Answer Stats

kmcountrymiles% Correct
0Egypt0
100%
0Libya0
100%
0Central African
Republic
0
96%
0Chad0
96%
0Eritrea0
96%
0Ethiopia0
96%
749Somalia465
96%
0South Sudan0
96%
508Dem Rep Congo316
93%
519Kenya322
93%
589Uganda366
93%
625Djibouti388
89%
884Congo549
85%
777Niger483
78%
187Saudi Arabia116
78%
481Yemen299
74%
778Nigeria483
70%
739Cameroon459
67%
833Israel518
63%
802Jordan499
41%

Score Distribution

Percentile by Number Answered

Percent of People with Each Score

Your Score History

You have not taken this quiz